Ekonomická transformácia v SR po 10 rokoch

Charakteristika ekonomiky SR pred transformáciou. Štátny rozpočet, index HDP, dynamika rastu HDP, cenový vývoj a inflácia, vývoj miery nezamestnanosti. Podstata reformy. Charakteristika prvej etapy od roku 1991. Makroekonomické nerovnováhy. Zahraničná zadlženosť. Podiel zahraničného dlhu na HDP. Zah...

Descrizione completa

Salvato in:
Dettagli Bibliografici
Autore principale: Zemanovičová, Daniela
Natura: Capitolo di libro
Lingua:slovacco
Soggetti:
Tags: Aggiungi Tag
Nessun Tag, puoi essere il primo ad aggiungerne!!

MARC

LEADER 00000naa a2200000 4500
001 r036650
005 20230919123157.6
041 0 |a slo 
044 |a SK 
245 1 0 |a Ekonomická transformácia v SR po 10 rokoch  |c Daniela Zemanovičová 
520 |a Charakteristika ekonomiky SR pred transformáciou. Štátny rozpočet, index HDP, dynamika rastu HDP, cenový vývoj a inflácia, vývoj miery nezamestnanosti. Podstata reformy. Charakteristika prvej etapy od roku 1991. Makroekonomické nerovnováhy. Zahraničná zadlženosť. Podiel zahraničného dlhu na HDP. Zahraničný obchod. 
610 2 0 |a transformácia 
610 2 0 |a hospodárstvo trhové 
610 2 0 |a privatizácia 
610 2 0 |a produkt domáci hrubý 
610 2 0 |a dynamika ekonomiky 
610 2 0 |a reformy hospodárske 
610 2 0 |a inflácia 
610 2 0 |a nezamestnanosť 
610 2 0 |a liberalizácia 
610 2 0 |a ukazovatele makroekonomické 
610 2 0 |a zadlženosť 
610 2 0 |a nerovnováha hospodárska 
610 2 0 |a Slovensko 
100 1 |a Zemanovičová, Daniela